[Event "Joao Pessoa de Assis Memorial 3rd"]
[Site "Joao Pessoa"]
[Date "2023.10.22"]
[Round "5"]
[White "De Oliveira, Lincoln Robert Lem"]
[Black "Batista, Davi de Azevedo"]
[Result "0-1"]
[WhiteElo "1686"]
[BlackElo "1816"]
[PlyCount "88"]
[EventDate "2023.10.20"]
[EventType "swiss"]
[EventRounds "6"]
[EventCountry "BRA"]
[SourceTitle "Mega2024 Update 01"]
[Source "Chessbase"]
[SourceDate "2023.11.12"]
[SourceVersion "1"]
[SourceVersionDate "2023.11.12"]
[SourceQuality "1"]

1. e4 c5 2. Nf3 d6 3. Nc3 Nc6 4. Bb5 Bd7 5. 0-0 a6 6. Bc4 b5 7. Bd5 e6 8. Bxc6 Bxc6 9. d3 Ne7 10. a3 Ng6 11. Bg5 Be7 12. Bxe7 Qxe7 13. Qd2 0-0 14. Rac1 a5 15. d4 b4 16. axb4 axb4 17. Nd1 Bb5 18. Ne3 Bxf1 19. Nxf1 Ra2 20. Rb1 Rfa8 21. g3 Ra1 22. Rxa1 Rxa1 23. Kg2 h6 24. h4 Ra2 25. b3 Qc7 26. Ne3 Qc6 27. d5 exd5 28. exd5 Qe8 29. Qd3 Ne5 30. Qe4 Ra8 31. Nd2 g6 32. f4 Nd7 33. Nec4 Nf6 34. Qf3 Qe1 35. Qf1 Qxf1+ 36. Kxf1 Nxd5 37. Ke2 Nc3+ 38. Kd3 Nb5 39. Nb6 Ra1 40. Ne4 Rd1+ 41. Ke2 Rg1 42. Nd5 f5 43. Nef6+ Kf7 44. Nd7 Rxg3 0-1

[Event "Recife PE23 Gr B"]
[Site "Recife"]
[Date "2023.04.08"]
[Round "4"]
[White "Ferreira, Rafael Emiliano"]
[Black "Batista, Davi de Azevedo"]
[Result "1-0"]
[WhiteElo "1847"]
[BlackElo "1874"]
[PlyCount "59"]
[EventDate "2023.04.06"]
[EventType "tourn"]
[EventRounds "7"]
[EventCountry "BRA"]
[SourceTitle "EXT 2024"]
[Source "ChessBase"]
[SourceDate "2023.10.10"]
[SourceVersion "1"]
[SourceVersionDate "2023.10.10"]
[SourceQuality "1"]

1. d4 Nf6 2. Bf4 e6 3. Nf3 d5 4. e3 c5 5. c3 Nc6 6. Bd3 Be7 7. Nbd2 Nh5 8. Be5 Nxe5 9. dxe5 g6 10. 0-0 a6 11. a4 Bd7 12. c4 0-0 13. a5 f6 14. Qc2 Qc7 15. cxd5 exd5 16. e4 Nf4 17. exd5 Nxd3 18. Qxd3 fxe5 19. Rfe1 Bd6 20. Qe3 Rf5 21. Ne4 Re8 22. Nh4 Rf4 23. g3 Rf7 24. Qh6 Bf8 25. Qd2 Bc8 26. Rac1 Qd8 27. d6 c4 28. Ng5 Rg7 29. Qd5+ Kh8 30. Rxe5 1-0